| 000 | 00431nam a2200157 4500 | ||
|---|---|---|---|
| 999 |
_c4901 _d4901 |
||
| 008 | 200908b ||||| |||| 00| 0 eng d | ||
| 020 | _a0070993874 | ||
| 082 | 0 | 0 |
_a629.89 _bK791 |
| 100 |
_93936 _aKohavi, Zvi |
||
| 245 | 1 | 0 |
_aSwitching and finite automate theory / _cby Zvi Kohavi |
| 250 | _a2nd ed. | ||
| 260 |
_aNew Delhi: _bTata McGraw-Hill, _c 1978. |
||
| 300 | _axiii, 658 p. | ||
| 650 | 0 | _aSwitching theory | |
| 942 |
_2ddc _cBK |
||